Länder mit den meisten Inselbewohnern - Statistiken

Allgemein
  • Dieses Quiz wurde 192 mal gespielt
  • Das Durchschnittsergebnis liegt bei 16 aus 20
Antwortstatistiken
Einwohner Land % Korrekt
278 Mio. Indonesien
98%
123 Mio. Japan
98%
30,4 Mio. Madagaskar
94%
118 Mio. Philippinen
93%
5,25 Mio. Neuseeland
91%
68,3 Mio. Vereinigtes Königreich
91%
15,1 Mio. Vereinigte Staaten
87%
5,06 Mio. Irland
83%
11,2 Mio. Kuba
83%
21,9 Mio. Sri Lanka
83%
4,35 Mio. Kanada
81%
7,66 Mio. Malaysia
78%
11,4 Mio. Dominikanische Republik
77%
11,8 Mio. Haiti
77%
20,3 Mio. China
76%
23,9 Mio. Taiwan
74%
24,4 Mio. Indien
71%
10,4 Mio. Papua-Neuguinea
71%
6,48 Mio. Italien
65%
6,02 Mio. Singapur
58%
Keine übereinstimmenden Quizze gefunden
Verteilung der Resultate
Anzahl Personen mit jedem Resultat
Perzentil nach korrekt beantworteten Fragen
Ihre Resultats-Entwicklung
Sie haben dieses Quiz noch nicht gespielt